La América colonial, 1492-1763. Cultura y vida cotidiana

保存先:
書誌詳細
第一著者: Chocano Mena, Magdalena (著者)
フォーマット: 図書
言語:スペイン語
出版事項: Madrid, España. Síntesis, 2000
シリーズ:Historia de España 3er. Milenio, 19
主題:
タグ: タグ追加
タグなし, このレコードへの初めてのタグを付けませんか!

MARC

LEADER 00000cam a2200000 a 4500
001 UCD8629
003 CL-VaPUC
005 20211008112258.0
008 170519e20000000sp |||||||||||||||||spa|d
999 |c 367983  |d 367981 
020 |a 9788477387381 
040 |c Pontificia Universidad Católica de Valparaíso 
082 0 4 |a 980 CHO 2000  |2 21 
100 0 |a Chocano Mena, Magdalena  |e author  |9 592126 
245 1 3 |a La América colonial, 1492-1763.  |b  Cultura y vida cotidiana 
260 |a Madrid, España.  |b Síntesis,  |c 2000 
300 |a 287 páginas 
490 0 |a Historia de España 3er. Milenio,  |v  19 
583 |a last modification  |c 20170519 15:42:00  |k Rodrigo Vera 
650 0 |a Historia de América  |2 CL-VaPUC  |9 856542  |y Siglos 15-18 
852 |a BIBHIS 
942 |c BK  |2 ddc 
945 |d 20170519 15:42:00  |a dcastane 
952 |0 0  |1 0  |2 ddc  |3 erb  |4 0  |6 980_000000000000000_CHO_2000  |7 0  |8 A  |9 483216  |a BIBHIS  |b BIBHIS  |i 5376475  |l 4  |o 980 CHO 2000  |p 5376475  |r 2025-01-20  |s 2023-06-13  |t 1  |w 2019-11-24  |y BK  |z Catalogado en:20170519  |k HIS 
952 |0 0  |1 0  |2 ddc  |4 0  |6 980_000000000000000_CHO_2000  |7 0  |8 A  |9 576572  |a BIBHIS  |b BIBHIS  |d 2020-06-09  |e 3  |g 33365.00  |i 5576318  |l 1  |o 980 CHO 2000  |p 5576318  |r 2025-01-20  |s 2024-09-26  |t 2  |v 33365.00  |w 2020-06-09  |y BK  |k HIS